Countries Breakdown Puzzle #9 - Statistics

General Stats
  • This quiz has been taken 2,049 times
  • The average score is 13 of 30
Answer Stats
Hint Answer % Correct
Word with cola COCA
93%
Duet plus one TRIO
91%
Acquire knowledge LEARN
86%
Hot water vapor STEAM
85%
Urinated PEED
79%
African expedition SAFARI
77%
Mormon state UTAH
77%
Caesar, or Greek, eg. SALAD
74%
Tin Man's need HEART
73%
Noises SOUNDS
66%
Amorist LOVER
61%
Tactile sense TOUCH
61%
Non-professionals AMATEURS
58%
Shankar's instrument SITAR
55%
Wake-up calls ALARMS
52%
Evening party SOIREE
36%
Costa Rica
34%
South Africa
27%
South Sudan
27%
Strongly desire CRAVE
22%
El Salvador
20%
East Timor
14%
Drunk, intoxicated INEBRIATED
11%
Estonian coin KROON
10%
North Korea
10%
Marshall Islands
9%
Cape Verde
8%
Sierra Leone
8%
Desert dunes SANDHILLS
7%
United Arab Emirates
5%
No matching quizzes found
Score Distribution
Percent of People with Each Score
Percentile by Number Answered
Your Score History
You have not taken this quiz